| 000 | 00409cam a2200169ua 4500 | ||
|---|---|---|---|
| 020 | _cRs.8.40 | ||
| 041 |
_aeng _h |
||
| 082 |
_a330.153 _bSMI/WE |
||
| 100 | _aAdam, . | ||
| 245 |
_aWealth of nature Vol.1 / _cSmith. _hTextual Documents |
||
| 260 |
_aLondon : _bJ.M. Dent & sons Ltd , _c1960. |
||
| 300 | _a444 ; . | ||
| 365 | _aRs.8.40 | ||
| 504 | _a | ||
| 999 |
_c11271 _d11271 |
||